| 000 | 00643nam a22001937a 4500 | ||
|---|---|---|---|
| 999 |
_c480857 _d480857 |
||
| 003 | ASAB | ||
| 005 | 20200203110504.0 | ||
| 008 | 180511t xxu||||| |||| 00| 0 eng d | ||
| 038 | _a0 | ||
| 040 | _cASAB | ||
| 082 | _a616 | ||
| 100 |
_aHafiz Madeha Khaliq-sup-Dr. Sobia Manzoor _928251 |
||
| 245 |
_aTH-MS-ROLE OF HOST FACTORS TO ACHIEVE SUSTAINED VIROLOGICAL RESPONSE (SVR) IN CHRONIC HCV PATIENTS _cHafiz Madeha Khaliq-sup-Dr. Sobia Manzoor |
||
| 260 |
_aIslamabad _bASAB (NCVI) _c2013 |
||
| 300 |
_axxv, 95 P _b30 cm |
||
| 600 | _2Virology and Immunology M.Phil-Thesis. | ||
| 630 |
_aVirology and Immunology _913894 |
||
| 942 |
_2ddc _cTHE |
||